书目信息 |
| 题名: |
假行家骑行指南
|
|
| 作者: | 艾因斯利 著 ;黎非凡 译 | |
| 分册: | ||
| 出版信息: | 上海 上海科学技术文献出版社 2021.6 |
|
| 页数: | 157页 | |
| 开本: | 21cm | |
| 丛书名: | ||
| 单 册: | ||
| 中图分类: | G872.3 | |
| 科图分类: | ||
| 主题词: | 自行车运动--通俗读物 | |
| 电子资源: | ||
| ISBN: | 978-7-5439-8259-8 | |
| 000 | 01078nam0 2200253 45 | |
| 001 | 012001000169 | |
| 005 | 20141201110201.0 | |
| 010 | @a978-7-5439-8259-8@b精装@dCNY45.00 | |
| 100 | @a20220905d2021 em y0chiy50 ea | |
| 101 | 1 | @achi@ceng |
| 102 | @aCN@b310000 | |
| 105 | @aa z 000yy | |
| 106 | @ar | |
| 200 | 1 | @a假行家骑行指南@Ajia xing jia qi xing zhi nan@f(英)罗伯·艾因斯利著@g黎非凡译 |
| 210 | @a上海@c上海科学技术文献出版社@d2021.6 | |
| 215 | @a157页@c彩图@d21cm | |
| 330 | @a本书以调笑的口吻声称本书目的在于成为“假行家”或避免为其他掉书袋的人所愚弄,用最为轻松愉快的行文将读者带入骑行的世界,从揭秘自行车开始,细数骑行装备到骑行路段的选择,以及专业骑行和业余爱好者的区别。全书在刻意营造一个显得不那么严肃正经的讨论空间的同时,以图用幽默诙谐或略带讽刺而达到最大的科普目的。 | |
| 510 | 1 | @aBluffer's guide to cycling written@zeng |
| 606 | 0 | @a自行车运动@j通俗读物 |
| 690 | @aG872.3@v5 | |
| 701 | 0 | @c(英)@a艾因斯利@Aai yin si li@c(Ainsley, Rob)@4著 |
| 702 | 0 | @a黎非凡@Ali fei fan@4译 |
| 801 | 0 | @aCN@bAHXH@c20221111 |
| 905 | @b1368850-4@dG872.3@e230@f5 | |
| 假行家骑行指南/(英)罗伯·艾因斯利著/黎非凡译.-上海:上海科学技术文献出版社,2021.6 |
| 157页:彩图;21cm |
| ISBN 978-7-5439-8259-8(精装):CNY45.00 |
| 本书以调笑的口吻声称本书目的在于成为“假行家”或避免为其他掉书袋的人所愚弄,用最为轻松愉快的行文将读者带入骑行的世界,从揭秘自行车开始,细数骑行装备到骑行路段的选择,以及专业骑行和业余爱好者的区别。全书在刻意营造一个显得不那么严肃正经的讨论空间的同时,以图用幽默诙谐或略带讽刺而达到最大的科普目的。 |
| ● |
| 相关链接 |
|
|
|
|
正题名:假行家骑行指南
索取号:G872.3/230
 
预约/预借
| 序号 | 登录号 | 条形码 | 馆藏地/架位号 | 状态 | 备注 |
| 1 | 1368850 | 213688507 | 第一样本阅览室/ [索取号:G872.3/230] | 在馆 | |
| 2 | 1368851 | 213688516 | 教育系资料室/ [索取号:G872.3/230] | 在馆 | |
| 3 | 1368852 | 213688525 | 教育系资料室/ [索取号:G872.3/230] | 在馆 | |
| 4 | 1368853 | 213688534 | 第四借阅区/ [索取号:G872.3/230] | 在馆 | |
| 5 | 1368854 | 213688543 | 第四借阅区/ [索取号:G872.3/230] | 在馆 |